000 00633nam a2200229Ia 4500
005 20250508164454.0
008 008 250505s9999 xx 000 0 eng d
037 _aTextual
040 _aFEDL
_beng
_cFEDL
041 _aeng
_2eng
084 _a305.4, VYA
_qFEDL
100 _aVyas Anju
_9470042
245 0 _aGirl child in India: A biliographic compendium
260 _aDelhi, India
_bIndian Bibliographies Bureau
_c1992
300 _axviii,205p.
365 _aINR
_b125
546 _aMacese
650 _aWomen
700 _a Mudgal Madhu
_9778242
942 _cTEXL
_h305.4, VYA
999 _c1389306
_d1389306